000 00485nam a2200205Ia 4500
008 210210b1920 xxu||||| |||| 00| 0 eng d
041 _aeng
082 _a531/7
100 _aBAIRD (David)
245 _aFirst course of laboratory exercies in physics
260 _aBombay
_bBlackie and Son Limited
_c1920
300 _a82
650 _aphysics
650 _alaboratory
650 _aFirst
650 _aexercies
650 _acourse
690 _aPhysics
906 _a008208
999 _c126130
_d126130